书目信息 |
| 题名: |
药物分析
|
|
| 作者: | 王炳强 , 张正兢 主编 | |
| 分册: | ||
| 出版信息: | 北京 化学工业出版社 2007.07 |
|
| 页数: | 263页 | |
| 开本: | 26cm | |
| 丛书名: | ||
| 单 册: | ||
| 中图分类: | R917 | |
| 科图分类: | ||
| 主题词: | 药物分析--yao wu fen xi--高等学校--教材 , 药物--yao wu--检验--高等学校--教材 | |
| 电子资源: | ||
| ISBN: | 978-7-122-00607-3 | |
| 000 | 00968nam0 2200277 450 | |
| 001 | 012008843376 | |
| 005 | 20080512100003.45 | |
| 010 | @a978-7-122-00607-3@dCNY29.00 | |
| 100 | @a20080512d2007 em y0chiy0120 ea | |
| 101 | 0 | @achi |
| 102 | @aCN@b110000 | |
| 105 | @aak a 000yy | |
| 106 | @ar | |
| 200 | 1 | @a药物分析@Ayao wu fen xi@f王炳强, 张正兢主编@Fwang bing qiang,zhang zheng jing zhu bian |
| 210 | @a北京@c化学工业出版社@d2007.07 | |
| 215 | @a263页@c图@d26cm | |
| 300 | @a普通高等教育“十一五”国家级规划教材 (高职高专教材) | |
| 320 | @a有书目 | |
| 330 | @a本书内容分为理论和实验两部分。包含的内容有:药物分析中常用仪器分析技术、药物的杂质检查、药物的卫生检查等。 | |
| 606 | 0 | @a药物分析@Ayao wu fen xi@x高等学校@j教材 |
| 606 | 0 | @a药物@Ayao wu@x检验@x高等学校@j教材 |
| 690 | @aR917@v4 | |
| 701 | 0 | @a王炳强@Awang bing qiang@4主编 |
| 701 | 0 | @a张正兢@Azhang zheng jing@4主编 |
| 801 | 0 | @aCN@bQSSK@c20080512 |
| 905 | @b710525-26@dR917@eW115@f2 | |
| 药物分析/王炳强, 张正兢主编.-北京:化学工业出版社,2007.07 |
| 263页:图;26cm |
| 普通高等教育“十一五”国家级规划教材 (高职高专教材) |
| ISBN 978-7-122-00607-3:CNY29.00 |
| 本书内容分为理论和实验两部分。包含的内容有:药物分析中常用仪器分析技术、药物的杂质检查、药物的卫生检查等。 |
| ● |
| 相关链接 |
|
|
|
正题名:药物分析
索取号:R917/W115
 
预约/预借
| 序号 | 登录号 | 条形码 | 馆藏地/架位号 | 状态 | 备注 |
| 1 | 710525 | 207105256 | 自科库401/401自科库 22排4列2层/ [索取号:R917/W115] | 在馆 | |
| 2 | 710526 | 207105265 | 自科库401/401自科库 22排4列2层/ [索取号:R917/W115] | 在馆 |